| 000 | 01815cam a2200169 4500500 | ||
|---|---|---|---|
| 005 | 20260405003056.0 | ||
| 041 | _afre | ||
| 042 | _adc | ||
| 100 | 1 | 0 |
_aWoitchik, Philippe _eauthor |
| 245 | 0 | 0 | _aÉditorial |
| 260 | _c2026. | ||
| 500 | _a74 | ||
| 520 | _aUn an après sa labellisation Science avec et pour la société (SAPS), par le ministère de l’Enseignement supérieur et de la Recherche, l’Université Bordeaux Montaigne propose un point d’étape sous la forme d’un retour d’expérience. Coordonné avec la politique de la recherche de l’établissement, le label SAPS a permis une structuration nouvelle afin de construire une culture commune de la médiation. De l’accompagnement d’initiatives existantes à la création d’outils, ressources et nouveaux dispositifs à destination de la communauté scientifique, la labellisation SAPS s’affirme, sur cette première année, comme un vecteur de transformation culturelle de l’université. | ||
| 520 | _aOne year after receiving the Science with and for Society (SAPS) label from the Ministry of Higher Education and Research, University Bordeaux Montaigne is offering an update in the form of a feedback report. Coordinated with the institution’s research policy, the SAPS label has enabled a new structure to be put in place in order to build a common culture of mediation. From supporting existing initiatives to creating tools, resources and new mechanisms for the scientific community, the SAPS label has established itself, in its first year, as a vehicle for cultural transformation at the university. | ||
| 786 | 0 | _nCahiers de psychologie clinique | 66 | 1 | 2026-03-12 | p. 9-10 | 1370-074X | |
| 856 | 4 | 1 | _uhttps://shs.cairn.info/revue-cahiers-de-psychologie-clinique-2026-1-page-9?lang=fr&redirect-ssocas=7080 |
| 999 |
_c2064198 _d2064198 |
||